000 00609nam a2200205 a 4500
001 BRCA_6091
005 20190320205330.0
008 200611s1790----gw-a######---#000-0#ger-#
041 _ager
044 _agw
050 4 _aDC167
_b.S94 1790
245 1 0 _aSzenen in Paris
_bwährend und der Zerstörung der Bastille, nach Franzosischen und Englischen und Rupferstichen.
250 _a3
260 _aLeipzig, Alemania
_bGraffschen Buchhandlung
_c1790
300 _axii, 212 p.
_bil.
_c16 cm.
500 _aK2
650 1 4 _aFrancia
_eHistoria
_xRevolución, 1789-1799
_915405
902 _aGFM
942 _2lcc
_cB
999 _c5778
_d5778